1606 1774 1876 1630 1336 1805 1413 1177 1520 1000 1726 1899 1167 1259 1248 1997 1318 1128 1885 1525 1909 1384 1680 1313 1954 1766 1887 1456 1279 1625 1996 1380 1391 1507 1267 1496 1363 1497 1442 1242 1123 1075 1672 1064 1246 1478 1310 1555 1366 1978 1093 1808 1354 1499 1114 1192 1749 1248 1800 1371 1000 1287 1707 1012 1904 1706 1463 1454 1819 1614 1694 1171 1074 1863 1731 1920 1082 1042 1048 1863 1045 1949 1081 1327 1355 1833 1747 1491 1423 1695 1587 1886 1821 1460 1985 1820 1890 1540 1171 BCNSPRNW ULIB Ver.6.0+V

เปลี่ยนเป็นภาษาไทย

Change to English
 แสดงรายละเอียดบรรณานุกรม
  กลับหน้าหลัก

Brief Record : Get Marc (ISO 2709) : E-mail record : QR code < ปิดหน้าต่าง
LEADER : 00000nam 2200000uu 4500
001    13399113624
003     ULIB
008    111125s2553||||th 000 0 tha d
020    ^a9786165000505
090    ^aนว.^bซ116ล 2553
100 0  ^aซ่อนกลิ่น
245 0  ^aเล่ห์บ่วงมนตรา/^cซ่อนกลิ่น
260    ^aกรุงเทพฯ :^bพิมพ์คำ,^c2553
300    ^a390 หน้า ;^c18 ซม.
650  4 ^aนวนิยายไทย
945    ^p260^l0^i16996
995    ^aทศพร
999    ^aใช้งานได้ทุกระบบ
รายการนี้ยังไม่มีแท็ก
คุณยังไม่ได้ล็อกอิน คุณสามารถมีกิจกรรมร่วมกับเว็บไซต์ได้ แต่ต้องล็อกอินก่อน ::
  ล็อกอิน

รายการสื่อสารสนเทศ

ลำดับที่ ประเภท เลขเรียก/บาร์โค้ด สถานที่ สถานะ
1. นวนิยาย
นวนิยาย
นว. ซ116ล 2553 ฉ.1 
  Barcode: 16996
ห้องสมุดวิทยาเขตสวรรค์ประชารักษ์
►นวนิยาย
บนชั้น
  ขอยืม

รายการใกล้เคียง
    ผู้แต่ง [ซ่อนกลิ่น]

    หัวเรื่อง [นวนิยายไทย]

BibComment


ยังไม่เคยถูกคอมเมนท์

คอมเมนท์ทรัพยากรรายการนี้
  คอมเมนท์: เล่ห์บ่วงมนตรา ซ..


 Copyright 2026. Bcnsprnw @Library